Обские напевы селькупов Нарымского края (Запись № 11365724)
[ простой вид ]
| 000 -МАРКЕР | |
|---|---|
| контрольное поле | 02295nam0a2200385 4500 |
| 001 - ИДЕНТИФИКАТОР ЗАПИСИ | |
| контрольное поле | RU\NLR\BIBL_A\011696391 |
| 005 - ИДЕНТИФИКАТОР ВЕРСИИ | |
| контрольное поле | 20190604123810.0 |
| 010 ## - МЕЖДУНАРОДНЫЙ СТАНДАРТНЫЙ НОМЕР КНИГИ (ISBN) | |
| Номер (ISBN) | 978-5-91302-164-9 |
| Тираж | 207 |
| 021 ## - НОМЕР ГОСУДАРСТВЕННОЙ РЕГИСТРАЦИИ | |
| Код страны | Российская Федерация |
| Номер | КН-П-18-025320 |
| Номер Листа государственной регистраци | КН-П-18-1852 |
| 035 ## - ДРУГИЕ СИСТЕМНЫЕ НОМЕРА | |
| Идентификатор записи | (NLR Aleph) 011696391 |
| 035 ## - ДРУГИЕ СИСТЕМНЫЕ НОМЕРА | |
| Идентификатор записи | (RuMoRGB)009596368 |
| 100 ## - ДАННЫЕ ОБЩЕЙ ОБРАБОТКИ | |
| Данные общей обработки | 20180510d2015 k y0rusy50 ca |
| 101 1# - ЯЗЫК РЕСУРСА | |
| Язык текста, звукозаписи и т.д. | русский |
| -- | остяко-самоедский, селькупский |
| Язык оригинала | русский |
| 102 ## - СТРАНА ПУБЛИКАЦИИ ИЛИ ПРОИЗВОДСТВА | |
| Страна публикации | Российская Федерация |
| 105 ## - ПОЛЕ КОДИРОВАННЫХ ДАННЫХ: ТЕКСТОВЫЕ МАТЕРИАЛЫ, МОНОГРАФИЧЕСКИЕ | |
| Кодированные данные о монографическом текстовом документе | achgz|||000zy |
| 200 1# - ЗАГЛАВИЕ И СВЕДЕНИЯ ОБ ОТВЕТСТВЕННОСТИ | |
| Основное заглавие | Обские напевы селькупов Нарымского края |
| Первые сведения об ответственности | В. П. Тузакова, И. А. Коробейникова |
| Последующие сведения об ответственности | [перевод с русского языка на нарымский диалект селькупского языка - И.А. Коробейникова, нотирование - В.П. Тузакова] |
| -- | Этнокультурный центр при отделе культуры Администрации Парабельского района Томской Области |
| 210 ## - ПУБЛИКАЦИЯ, РАСПРОСТРАНЕНИЕ И ДР. | |
| Место издания, распространения и т.д. | Парабель |
| -- | Томск |
| Имя издателя, распространителя и т. д. | ТМЛ-Пресс |
| -- | Вайар |
| Дата издания, распространения и т.д. | 2015 |
| 215 ## - ФИЗИЧЕСКАЯ ХАРАКТЕРИСТИКА | |
| Специфическое обозначение материала и объем | 152 с. |
| Другие сведения о физической характеристике | ил., ноты, портр., цв. ил., факс. |
| Размеры | 21 |
| Сопроводительный материал | 1 электрон. опт. диск (CD-ROM) |
| 300 ## - ОБЩИЕ ПРИМЕЧАНИЯ | |
| Текст примечания | На с. 142 2-й авт.: Коробейникова (Малькова) И.А., |
| 320 ## - ПРИМЕЧАНИЯ О НАЛИЧИИ В ДОКУМЕНТЕ БИБЛИОГРАФИИ / УКАЗАТЕЛЯ | |
| Текст примечания | Библиогр.: с. 69 |
| 606 1# - НАИМЕНОВАНИЕ ТЕМЫ КАК ПРЕДМЕТ | |
| Наименование темы | Народные песни селькупские |
| Географический подзаголовок | Томская область |
| Системный номер авторитетной/нормативной записи | 2404265 |
| Идентификатор авторитетной/нормативной записи | RU\NLR\AUTH\6601652478 |
| 606 1# - НАИМЕНОВАНИЕ ТЕМЫ КАК ПРЕДМЕТ | |
| Наименование темы | Музыкальный фольклор селькупский |
| Географический подзаголовок | Томская область |
| Системный номер авторитетной/нормативной записи | 2412218 |
| Идентификатор авторитетной/нормативной записи | RU\NLR\AUTH\6601656231 |
| 686 1# - ИНДЕКСЫ ДРУГИХ КЛАССИФИКАЦИЙ | |
| Индекс | Ш3(251.1=С)-631-99 |
| 686 1# - ИНДЕКСЫ ДРУГИХ КЛАССИФИКАЦИЙ | |
| Индекс | Щ313(2Р=Сел)0-99Томская область |
| 686 2# - ИНДЕКСЫ ДРУГИХ КЛАССИФИКАЦИЙ | |
| Индекс | Ш6(2=Сел)7-5 |
| 700 #1 - ИМЯ ЛИЦА - ПЕРВИЧНАЯ ОТВЕТСТВЕННОСТЬ | |
| Начальный элемент ввода | Тузакова |
| Часть имени, кроме начального элемента ввода | В. П. |
| Даты | 1941- |
| Расширение инициалов личного имени | Вера Петровна |
| 701 #1 - ИМЯ ЛИЦА - АЛЬТЕРНАТИВНАЯ ОТВЕТСТВЕННОСТЬ | |
| Графика поля | Кириллица |
| Материалы, к которым относится поле | rus |
| Начальный элемент ввода | Коробейникова |
| Часть имени, кроме начального элемента ввода | И. А. |
| Дополнения к именам, кроме дат | специалист по селькупской культуре |
| Расширение инициалов личного имени | Ирина Анатольевна |
| Системный номер авторитетной/нормативной записи | 156082 |
| Идентификатор авторитетной/нормативной записи | RU\NLR\AUTH\770156121 |
| 942 ## - ДОПОЛНИТЕЛЬНЫЕ ЭЛЕМЕНТЫ ЗАПИСИ (АБИС) | |
| Тип экземпляра АБИС | Книга |
| 980 ## - КОЛЛЕКЦИЯ | |
| Название коллекции | НБР |
| 980 ## - КОЛЛЕКЦИЯ | |
| Название коллекции | Национальная библиография |
Нет доступных экземпляров.